New trends in retail marketing

Enregistré dans:
Détails bibliographiques
Auteur principal: Hrdličková, Veronika
Format: Chapitre de livre
Langue:anglais
Tags: Ajouter un tag
Pas de tags, Soyez le premier à ajouter un tag!

MARC

LEADER 00000nla a2200000 4500
001 0180618
005 20240502073101.2
041 0 |a eng 
044 |a SK 
245 1 0 |a New trends in retail marketing  |c Veronika Hrdličková 
100 1 |a Hrdličková, Veronika